000
00322nam a2200133Ia 4500
003
OSt
008
191201s2011 xx 000 0 und d
082
_a
620.119
_b
KUM
100
_a
KUMAR, A
245
0
_a
Materials and metallurgy
260
_c
2011
_b
Dhanpat Rai Pubns (P) Ltd
_a
New Delhi
300
_a
misc.
942
_2
ddc
_c
BK
999
_c
8108
_d
8108